Statistiques concernant Dates de naissance et de mort d'hommes célèbres

Cliquez ici pour prendre le quiz!

Statistiques générales

  • Ce quiz a été pris 37 fois
  • Le résultat moyen est 14 sur 60

Statistiques - réponses

PersonneRéponse% Correct
Louis XIV1638-1715
75%
Napoléon1769-1821
75%
César100 av. J.-C-44 av. J.-C
70%
De Gaulle1890-1970
70%
Reine Victoria1819-1901
40%
Molière1622-1673
35%
Chateaubriand1768-1848
35%
Balzac1799-1850
35%
Alexandre le Grand356 av. J.-C-323 av. J.-C
35%
Richelieu1585-1642
30%
Mazarin1602-1661
30%
Voltaire1694-1778
30%
Rousseau1712-1778
30%
Kant1724-1804
30%
Mozart1756-1791
30%
Robespierre1758-1794
30%
Zola1840-1902
30%
Clémenceau1841-1929
30%
Bach1685-1750
25%
Diderot1713-1784
25%
Rodin1840-1917
25%
Monet1840-1926
25%
Churchill1874-1965
25%
Picasso1881-1973
25%
Raphaël1483-1520
20%
Colbert1619-1683
20%
Pascal1623-1662
20%
Duc de Saint-Simon1675-1755
20%
Beethoven1770-1827
20%
Delacroix1798-1863
20%
Flaubert1821-1880
20%
Manet1832-1883
20%
Renoir1841-1919
20%
Van Gogh1853-1890
20%
Proust1871-1922
20%
Einstein1879-1955
20%
Roland Garros1888-1918
20%
Michel-Ange1475-1564
15%
Cervantes1547-1616
15%
Lully1632-1687
15%
D'Alembert1717-1783
15%
Jacques-Louis David1748-1825
15%
Stendhal1783-1842
15%
Chopin1810-1849
15%
Marie Curie1867-1934
15%
Dante1265-1321
10%
Poussin1594-1665
10%
Le Bernin1598-1680
10%
Newton1642-1727
10%
Goethe1749-1832
10%
Rossini1792-1868
10%
Liszt1811-1886
10%
Degas1834-1917
10%
Saint-Saëns1835-1921
10%
Anatole France1844-1924
10%
Fauré1845-1924
10%
Foch1851-1929
10%
Joffre1852-1931
10%
Descartes1596-1660
5%
Debussy1852-1918
5%

Distribution des résultats

Percentile par nombre de réponses

% des personnes avec chaque résultat

Votre développement - résultats

Vous n’avez pas pris ce quiz